Normal view
MARC view
Entry Nombre de reunión
001 - NÚMERO DE CONTROL
- campo de control: 32076
003 - IDENTIFICADOR DEL NÚMERO DE CONTROL
- campo de control: OSt
005 - FECHA Y HORA DE LA ÚLTIMA TRANSACCIÓN
- campo de control: 20200615033329.0
008 - DATOS DE LONGITUD FIJA
- campo de control de longitud fija: 200615|| aca||aabn | a|a d
040 ## - FUENTE DE LA CATALOGACIÓN
- Centro catalogador/agencia de origen: OSt
- Centro/agencia transcriptor: OSt
111 ## - ENCABEZAMIENTO--NOMBRE DE CONGRESO/REUNIÓN
- Nombre de congreso/reunión o jurisdicción como elemento de entrada: Conferencia Nacional Sobre Mejoramineto de la Productividad Nacional
- Número del congreso/reunión o número de parte o sección: (3a :
- Fecha del congreso/reunión: 1998 sept. :
- Sede del congreso/Lugar de la reunión: [Santo Domingo])
670 ## - FUENTE DE DATOS ENCONTRADOS
- Cita de la fuente: Work cat.: (OSt)13800: Conferencia Nacional Sobre Mejoramineto de la Productividad Nacional (3a : 1998 sept. : [Santo Domingo]), Ponencias de la III conferencia sobre mejoramiento de la productividad., 1998.
